| 000 | 00656nam a2200205Ia 4500 | ||
|---|---|---|---|
| 003 | GCL | ||
| 008 | 140319s9999 xx 000 0 ara d | ||
| 040 |
_aGCL / _cGCL |
||
| 082 | 0 | 4 |
_a823 _bم ع |
| 100 | 1 | _aاسامة منزلجى | |
| 245 | 1 | 0 |
_aعملاق ماروسى / _cاسامة منزلجى |
| 700 | 1 | _aميللر, هنرى | |
| 260 |
_a[S.N] : _bالمؤسسة الجامعية للدراسات والنشر والتوزيع ، _c1987 |
||
| 300 | _a261 ص | ||
| 490 | _a | ||
| 650 | 0 | 4 | _aالقصص الانجليزية |
| 650 | 0 | 4 | _aالادب الامريكى |
| 650 | 0 | 4 | _aالادب الانجليزى المترجم |
| 942 |
_2ddc _cBK |
||
| 999 |
_c53157 _d53157 |
||